1328 1497 1010 1949 1997 1268 1298 1786 1782 1523 1662 1983 1120 1579 1467 1750 1960 1622 1996 1617 1511 1973 1470 1013 1753 1906 1347 1790 1772 1305 1109 1032 1301 1037 1226 1289 1539 1546 1019 1260 1095 1186 1054 1910 1343 1064 1269 1521 1752 1868 1212 1715 1418 1761 1821 1210 1187 1358 1371 1067 1483 1167 1228 1322 1246 1959 1346 1210 1935 1201 1993 1671 1808 1422 1296 1895 1621 1531 1750 1830 1042 1455 1461 1153 1637 1149 1766 1809 1849 1753 1720 1925 1709 1189 1308 1455 1808 1740 1575 BCNSPRNW ULIB Ver.6.0+V

เปลี่ยนเป็นภาษาไทย

Change to English
 แสดงรายละเอียดบรรณานุกรม
  กลับหน้าหลัก

Brief Record : Get Marc (ISO 2709) : E-mail record : QR code < ปิดหน้าต่าง
LEADER : 00000nam 2200000uu 4500
001    13399113604
003     ULIB
008    111201sมปป.||||th 000 0 tha d
020    ^a9789740640370
090    ^aนว.^bล711T มปป.
100 0  ^aลูกชุบ
245 00 ^aThe Carnival รักเหลือร้ายจับหัวใจใส่หน้ากาก/^cลูกชุบ
250    ^aพิมพ์ครั้งที่ 1
260    ^aกรุงเทพฯ :^bแจ่มใส,^cมปป.
300    ^a200 หน้า
710 1  ^aแจ่มใส
945    ^p149^l0^i15312
995    ^aทศพร
999    ^aใช้งานได้ทุกระบบ
รายการนี้ยังไม่มีแท็ก
คุณยังไม่ได้ล็อกอิน คุณสามารถมีกิจกรรมร่วมกับเว็บไซต์ได้ แต่ต้องล็อกอินก่อน ::
  ล็อกอิน

รายการสื่อสารสนเทศ

ลำดับที่ ประเภท เลขเรียก/บาร์โค้ด สถานที่ สถานะ
1. นวนิยาย
นวนิยาย
นว. ล711T มปป. ฉ.1 
  Barcode: 15312
ห้องสมุดวิทยาเขตสวรรค์ประชารักษ์
►นวนิยาย
บนชั้น
  ขอยืม

รายการใกล้เคียง
    ผู้แต่ง [ลูกชุบ]

BibComment


ยังไม่เคยถูกคอมเมนท์

คอมเมนท์ทรัพยากรรายการนี้
  คอมเมนท์: The Carnival รัก..


 Copyright 2026. Bcnsprnw @Library